[Event "Catalunya-chT Gp2"]
[Site "Barcelona"]
[Date "2023.02.25"]
[Round "6.10"]
[White "Pages Rafart, Jordi"]
[Black "Oset Teixidor, Guerau"]
[Result "1/2-1/2"]
[WhiteElo "2045"]
[BlackElo "2014"]
[PlyCount "108"]
[EventDate "2023.01.21"]
[EventType "team-tourn"]
[EventRounds "7"]
[EventCountry "ESP"]
[SourceTitle "CBM 213 Extra"]
[Source "ChessBase"]
[SourceDate "2023.05.31"]
[SourceVersion "1"]
[SourceVersionDate "2023.05.31"]
[SourceQuality "1"]
[WhiteTeam "Olot"]
[BlackTeam "Mollet"]
[WhiteTeamCountry "ESP"]
[BlackTeamCountry "ESP"]

1. d4 Nf6 2. c4 c5 3. e3 e6 4. Nc3 a6 5. Nf3 Be7 6. Bd3 0-0 7. 0-0 b6 8. e4 cxd4 9. Nxd4 d6 10. Be3 Qc7 11. Qe2 Nbd7 12. f4 Nc5 13. Bc2 Bb7 14. Bf2 Ncd7 15. f5 e5 16. Nb3 Rac8 17. Bd3 Rfd8 18. Be3 Nc5 19. Nxc5 dxc5 20. Nd5 Bxd5 21. exd5 h6 22. Rae1 Ne8 23. Qg4 Kf8 24. Bd2 f6 25. Qg6 Bd6 26. h4 Qf7 27. g4 Qxg6 28. fxg6 Be7 29. Bf5 Rb8 30. g5 hxg5 31. hxg5 Nd6 32. gxf6 Bxf6 33. Be6 e4 34. Bc3 Ke7 35. Bxf6+ gxf6 36. Rf2 Rg8 37. Bxg8 Rxg8 38. Rg2 f5 39. b3 Kf6 40. g7 Rxg7 41. Rxg7 Kxg7 42. Kf2 Kf6 43. Rh1 b5 44. Rh6+ Ke7 45. Rh7+ Kf6 46. Ra7 bxc4 47. bxc4 Nxc4 48. Rxa6+ Ke5 49. Ra8 Kxd5 50. a4 f4 51. Re8 Kd4 52. Rd8+ Kc3 53. Rf8 f3 54. Rb8 Kd4 1/2-1/2

[Event "Llinars del Valles op 11th"]
[Site "Llinars del Valles"]
[Date "2017.05.27"]
[Round "6"]
[White "Oset Teixidor, Guerau"]
[Black "Garcia Payas, Alex"]
[Result "1-0"]
[WhiteElo "2013"]
[BlackElo "1843"]
[PlyCount "191"]
[EventDate "2017.04.22"]
[EventType "swiss"]
[EventRounds "9"]
[EventCountry "CAT"]
[SourceTitle "EXT 2018"]
[Source "ChessBase"]
[SourceDate "2017.10.13"]
[SourceVersion "1"]
[SourceVersionDate "2017.10.13"]
[SourceQuality "1"]

1. d4 Nf6 2. Bf4 e6 3. Nf3 b6 4. e3 Bb7 5. Nbd2 Be7 6. Bd3 0-0 7. c3 Nh5 8. Bg3 f5 9. Qc2 d6 10. 0-0-0 Nd7 11. Bc4 d5 12. Bd3 c5 13. Be5 Nhf6 14. Ng5 c4 15. Be2 Qc8 16. Nxe6 Nxe5 17. dxe5 Qxe6 18. exf6 Bxf6 19. Bf3 Rac8 20. Nf1 Bg5 21. h4 Bh6 22. g3 Rc5 23. Rd4 g6 24. Nh2 Bg7 25. Rd2 b5 26. a3 a5 27. Re1 Be5 28. Kd1 Ra8 29. Bg2 b4 30. Nf3 bxc3 31. bxc3 Rb5 32. Nxe5 Qxe5 33. Rd4 Rb8 34. Ke2 Bc6 35. Kf1 Qd6 36. a4 Rb3 37. Qd2 Rb2 38. Qd1 Qa3 39. Bxd5+ Bxd5 40. Rxd5 Qa2 41. Rd8+ Rxd8 42. Qxd8+ Kf7 43. Qc7+ Kg8 44. Qd8+ Kf7 45. Qd5+ Kg7 46. Qd4+ Kg8 47. e4 Rd2 48. Qa7 fxe4 49. Rxe4 Qb1+ 50. Re1 Qd3+ 51. Kg1 Rd1 52. Qb8+ Kg7 53. Qe5+ Kg8 54. Kh2 Rxe1 55. Qxe1 Qd7 56. Qe5 Qxa4 57. Qd5+ Kg7 58. Kg2 Qa2 59. g4 a4 60. Qe5+ Kg8 61. h5 gxh5 62. gxh5 Qd2 63. Qe6+ Kg7 64. Qxc4 Qg5+ 65. Kf1 Qc1+ 66. Ke2 a3 67. Qd4+ Kh6 68. Qf6+ Kxh5 69. Qf5+ Qg5 70. Qxh7+ Kg4 71. Qd7+ Kh4 72. Kd3 Qg6+ 73. Kd2 Qa6 74. Qd4+ Kg5 75. Qd5+ Kf4 76. Qa2 Qa4 77. Kc1 Kf3 78. Qd5+ Ke2 79. Qd4 Qb3 80. Qd2+ Kf3 81. Qc2 Qe6 82. Kb1 Qb6+ 83. Ka2 Qc5 84. Qd3+ Kg2 85. Qd4 Qa5 86. Qb4 Qa7 87. f4 Kf3 88. Qc4 Kg4 89. Qe4 Qa5 90. Qd4 Qa6 91. c4 Qa4 92. Qc3 Kxf4 93. c5 Qa8 94. c6 Kf5 95. c7 Qc8 96. Qh3+ 1-0

[Event "Llinars del Valles op 11th"]
[Site "Llinars del Valles"]
[Date "2017.05.20"]
[Round "5"]
[White "Prats Safont, Sergi"]
[Black "Oset Teixidor, Guerau"]
[Result "0-1"]
[WhiteElo "1791"]
[BlackElo "2013"]
[PlyCount "84"]
[EventDate "2017.04.22"]
[EventType "swiss"]
[EventRounds "9"]
[EventCountry "CAT"]
[SourceTitle "EXT 2018"]
[Source "ChessBase"]
[SourceDate "2017.10.13"]
[SourceVersion "1"]
[SourceVersionDate "2017.10.13"]
[SourceQuality "1"]

1. e4 Nf6 2. e5 Nd5 3. c4 Nb6 4. d4 d6 5. exd6 exd6 6. Bd3 Nc6 7. Ne2 Qf6 8. Be3 Nb4 9. a3 Nxd3+ 10. Qxd3 Be7 11. 0-0 0-0 12. b3 Re8 13. Nbc3 Bf5 14. Qd2 c6 15. Rfe1 h6 16. h3 a5 17. d5 c5 18. Nb5 Rac8 19. Qxa5 Nd7 20. Bf4 g5 21. Bh2 Bf8 22. Qd2 Ne5 23. Bxe5 Rxe5 24. Ng3 Bd7 25. Rxe5 Qxe5 26. Re1 Qh8 27. Nc3 Bg7 28. Nce2 Re8 29. a4 Be5 30. Qc2 Qf6 31. Qd2 Qg6 32. a5 f5 33. b4 f4 34. Nf1 f3 35. Neg3 fxg2 36. Kxg2 cxb4 37. Qxb4 Qf7 38. Rb1 Rf8 39. Qd2 Qf3+ 40. Kh2 Bf5 41. Re1 Be4 42. Rxe4 Qxe4 0-1

[Event "Cerdanyola del Valles op 24th"]
[Site "Cerdanyola del Valles"]
[Date "2016.10.08"]
[Round "2"]
[White "Oset Teixidor, Guerau"]
[Black "Fernandez Diaz Mascort, Miguel"]
[Result "1/2-1/2"]
[WhiteElo "1968"]
[BlackElo "2077"]
[PlyCount "69"]
[EventDate "2016.10.01"]
[EventType "swiss"]
[EventRounds "8"]
[EventCountry "ESP"]
[SourceTitle "EXT 2018"]
[Source "ChessBase"]
[SourceDate "2017.10.13"]
[SourceVersion "1"]
[SourceVersionDate "2017.10.13"]
[SourceQuality "1"]

1. d4 d6 2. Bf4 g6 3. c4 Bg7 4. Nc3 Nc6 5. Nf3 Bg4 6. d5 Bxf3 7. gxf3 Ne5 8. e4 e6 9. Be2 exd5 10. cxd5 Ne7 11. Qd2 0-0 12. Bh6 f5 13. Bxg7 Kxg7 14. h4 f4 15. 0-0-0 h5 16. Rhg1 Rf6 17. Nb5 c5 18. dxc6 N7xc6 19. Nxd6 Qb6 20. Nf5+ Kf7 21. Qxf4 gxf5 22. Qg5 Nb4 23. Kb1 Qe6 24. b3 fxe4 25. Qg7+ Ke8 26. fxe4 Qc6 27. Bb5 Qxb5 28. Qxf6 Ng4 29. Qh8+ Kf7 30. Qxa8 Qc6 31. Rc1 Qxe4+ 32. Kb2 Qe5+ 33. Rc3 Nd3+ 34. Kb1 Qxc3 35. Qxb7+ 1/2-1/2

[Event "Llinars del Valles op-A 10th"]
[Site "Llinars del Valles"]
[Date "2016.05.21"]
[Round "7"]
[White "Oset Teixidor, Guerau"]
[Black "Fernandez Aguilar, Francisco"]
[Result "0-1"]
[WhiteElo "1973"]
[BlackElo "2051"]
[PlyCount "82"]
[EventDate "2016.04.02"]
[EventType "swiss"]
[EventRounds "9"]
[EventCountry "ESP"]
[SourceTitle "CBM 172 Extra"]
[Source "ChessBase"]
[SourceDate "2016.06.21"]
[SourceVersion "1"]
[SourceVersionDate "2016.06.21"]
[SourceQuality "1"]

1. d4 d5 2. Bf4 Nf6 3. e3 e6 4. Nf3 c5 5. c3 Nc6 6. Bd3 Bd6 7. Bg3 0-0 8. Nbd2 b6 9. Ne5 Bb7 10. Qb1 Qc7 11. Nxc6 Qxc6 12. a4 g6 13. a5 c4 14. Bc2 b5 15. f3 Bxg3+ 16. hxg3 Qd6 17. Kf2 Nh5 18. Rh3 f5 19. f4 Nf6 20. Nf3 Ng4+ 21. Ke2 b4 22. Qh1 h5 23. Ng5 Nf6 24. Rh4 Kg7 25. cxb4 Ba6 26. Kf2 Qxb4 27. Nxe6+ Kf7 28. Ng5+ Kg8 29. Qc1 Ng4+ 30. Rxg4 hxg4 31. Ra4 Qe7 32. Qh1 Rfe8 33. Ra3 Rab8 34. Qc1 Qb4 35. Ra2 c3 36. bxc3 Qxc3 37. Ra3 Qc4 38. Rd3 Rec8 39. Rd2 Rb2 40. Qh1 Rc7 41. Qh6 Qf1# 0-1

[Event "Catalunya-chT Gp1"]
[Site "Barcelona"]
[Date "2016.03.05"]
[Round "7.1"]
[White "Oset Teixidor, Guerau"]
[Black "Gomez Jurado, Luis Alberto"]
[Result "0-1"]
[WhiteElo "1973"]
[BlackElo "2211"]
[PlyCount "64"]
[EventDate "2016.01.23"]
[EventType "team-tourn"]
[EventRounds "7"]
[EventCountry "ESP"]
[SourceTitle "EXT 2017"]
[Source "ChessBase"]
[SourceDate "2016.10.25"]
[SourceVersion "1"]
[SourceVersionDate "2016.10.25"]
[SourceQuality "1"]
[WhiteTeam "Montcada"]
[BlackTeam "Sant Josep de Badalona"]
[WhiteTeamCountry "ESP"]
[BlackTeamCountry "ESP"]

1. d4 Nf6 2. Bf4 d6 3. Nf3 g6 4. e3 Bg7 5. Be2 0-0 6. 0-0 Nh5 7. Bg5 h6 8. Bh4 g5 9. Nfd2 Nf6 10. Bg3 Nc6 11. c4 e5 12. dxe5 dxe5 13. Nc3 Bf5 14. a3 Re8 15. b4 h5 16. h4 g4 17. Rc1 a5 18. b5 Nd4 19. exd4 exd4 20. Nd5 Nxd5 21. cxd5 d3 22. Bxd3 Bxd3 23. Re1 Qxd5 24. Rxc7 Bxb5 25. Rxe8+ Rxe8 26. Qb3 Bc6 27. Qxd5 Bxd5 28. Rc5 Rd8 29. Rxa5 Bc3 30. Rxd5 Rxd5 31. Ne4 Be5 32. Bf4 Rd1+ 0-1

[Event "Llinars del Valles op-A 8th"]
[Site "Llinars del Valles"]
[Date "2014.05.31"]
[Round "5"]
[White "Calvo Bures, Marc"]
[Black "Oset Teixidor, Guerau"]
[Result "0-1"]
[WhiteElo "1743"]
[BlackElo "1920"]
[PlyCount "100"]
[EventDate "2014.04.26"]
[EventType "swiss"]
[EventRounds "8"]
[EventCountry "ESP"]
[SourceTitle "EXT 2015"]
[Source "ChessBase"]
[SourceDate "2014.11.20"]
[SourceVersion "1"]
[SourceVersionDate "2014.11.20"]
[SourceQuality "1"]

1. d4 Nf6 2. c4 e5 3. dxe5 Ng4 4. Bf4 Bb4+ 5. Nd2 d6 6. exd6 Qf6 7. e3 Qxb2 8. Ngf3 cxd6 9. Be2 Nc6 10. 0-0 0-0 11. Nb3 Nge5 12. Nfd4 a6 13. Rb1 Qa3 14. Qc2 Bd7 15. Rfc1 Rac8 16. Qd1 Rfd8 17. Rc2 Ng6 18. Bg3 Nxd4 19. Qxd4 Ba4 20. Bf3 b5 21. Bd5 bxc4 22. Bxc4 Bc6 23. Nd2 Bc5 24. Qd3 Qxd3 25. Bxd3 f6 26. Rcb2 a5 27. Nb3 Ba3 28. Re2 a4 29. Nd4 Bd7 30. h3 Ne5 31. Bxe5 fxe5 32. Nb5 Bc5 33. Rd1 Rb8 34. Bc4+ Kf8 35. Nc3 Rb4 36. Bd5 a3 37. Bb3 Rdb8 38. Red2 Bc6 39. Kh2 Rxb3 40. axb3 Rxb3 41. Na2 Rb2 42. Rxb2 axb2 43. Nc3 Bb4 44. Nb1 Be4 45. f3 Bc2 46. Rh1 d5 47. Kg3 d4 48. exd4 exd4 49. Kf2 Ke7 50. Ke2 Kd6 0-1

[Event "Catalunya-chT"]
[Site "Catalunya"]
[Date "2014.04.05"]
[Round "11.4"]
[White "Oset Teixidor, Guerau"]
[Black "Panelo Munoz, Marcelo A"]
[Result "1/2-1/2"]
[WhiteElo "1920"]
[BlackElo "2327"]
[PlyCount "146"]
[EventDate "2014.01.25"]
[EventType "team"]
[EventRounds "11"]
[EventCountry "ESP"]
[SourceTitle "EXT 2015"]
[Source "ChessBase"]
[SourceDate "2014.11.20"]
[SourceVersion "1"]
[SourceVersionDate "2014.11.20"]
[SourceQuality "1"]
[WhiteTeam "Montcada"]
[BlackTeam "Badalona Sant Josep"]
[WhiteTeamCountry "ESP"]
[BlackTeamCountry "ESP"]

1. b3 d5 2. e3 Nc6 3. Bb2 e5 4. Bb5 Bd6 5. f4 Qh4+ 6. g3 Qe7 7. Nf3 Bg4 8. fxe5 Bxe5 9. Bxe5 Bxf3 10. Qxf3 Qxe5 11. Bxc6+ bxc6 12. 0-0 Nf6 13. Nc3 0-0 14. Qf4 Qd6 15. Qxd6 cxd6 16. Rf4 Nd7 17. Raf1 f6 18. Ra4 a5 19. Rff4 Rfb8 20. Ra3 Nc5 21. Ne2 Ra6 22. Nd4 a4 23. bxa4 Rb1+ 24. Rf1 Rb2 25. d3 Kf7 26. a5 g6 27. Rf2 Ke7 28. Kf1 f5 29. Ke1 Rb1+ 30. Kd2 h5 31. Ne2 Rb4 32. Rf4 Rb8 33. Nd4 Rb1 34. Rf2 Kd7 35. Ne2 Ke7 36. Nd4 Rb8 37. Rf4 Nd7 38. Rb3 c5 39. Rxb8 Nxb8 40. Nb3 Nc6 41. Ra4 Kd7 42. h3 Ne5 43. Ke2 Kc6 44. c4 dxc4 45. dxc4 g5 46. Nd2 Kb7 47. Nb1 Rc6 48. Nc3 Ka6 49. Nd5 Rc8 50. h4 gxh4 51. gxh4 Ka7 52. Kf2 Nd3+ 53. Kf3 Nb2 54. Nb6 Rg8 55. Ra3 Rg4 56. Nc8+ Ka6 57. Nxd6 Nxc4 58. Nxc4 Rxc4 59. Rd3 Kxa5 60. Rd5 Kb4 61. Rxf5 Rxh4 62. Rf4+ Rxf4+ 63. exf4 c4 64. f5 c3 65. Ke3 Ka3 66. Kd3 Kb2 67. f6 c2 68. f7 c1Q 69. f8Q Qd1+ 70. Ke3 Qe1+ 71. Kd3 Qg3+ 72. Kd2 h4 73. Qb4+ Ka1 1/2-1/2

[Event "Cerdanyola del Valles op 31st"]
[Site "Cerdanyola del Valles"]
[Date "2013.11.30"]
[Round "8"]
[White "Sama Salinas, Hector"]
[Black "Oset Teixidor, Guerau"]
[Result "1/2-1/2"]
[WhiteElo "1663"]
[BlackElo "1930"]
[PlyCount "83"]
[EventDate "2013.10.05"]
[EventType "swiss"]
[EventRounds "8"]
[EventCountry "ESP"]
[SourceTitle "CBM 157 Extra"]
[Source "ChessBase"]
[SourceDate "2013.12.19"]
[SourceVersion "1"]
[SourceVersionDate "2013.12.19"]
[SourceQuality "1"]

1. e4 g6 2. d4 Bg7 3. Nc3 d6 4. Be2 e5 5. d5 f5 6. Nf3 Nf6 7. Bg5 0-0 8. Qd2 fxe4 9. Bxf6 Qxf6 10. Nxe4 Qf4 11. Qxf4 Rxf4 12. Bd3 Bf5 13. Nfd2 Nd7 14. f3 Bxe4 15. Nxe4 Raf8 16. Ke2 Nb6 17. c4 h6 18. b4 g5 19. a4 g4 20. a5 gxf3+ 21. gxf3 Nc8 22. Rhf1 Ne7 23. Rf2 Nf5 24. Raf1 Nd4+ 25. Ke3 h5 26. Ng5 Bh6 27. Rg2 Kh8 28. Be4 h4 29. c5 Nb5 30. Kd3 Nd4 31. Ne6 Nxe6 32. dxe6 d5 33. Bg6 e4+ 34. Kc2 exf3 35. Rgg1 Rc4+ 36. Kb3 Rff4 37. e7 Rxb4+ 38. Ka3 Ra4+ 39. Kb3 Rfb4+ 40. Kc2 Rc4+ 41. Kb3 Rcb4+ 42. Kc2 1/2-1/2

[Event "Cerdanyola del Valles op 30th"]
[Site "Cerdanyola del Valles"]
[Date "2012.11.10"]
[Round "6"]
[White "Oset Teixidor, Guerau"]
[Black "Fernandez Diaz, Cristian"]
[Result "0-1"]
[WhiteElo "1937"]
[BlackElo "2140"]
[PlyCount "81"]
[EventDate "2012.09.29"]
[EventType "swiss"]
[EventRounds "8"]
[EventCountry "ESP"]
[SourceTitle "EXT 2014"]
[Source "ChessBase"]
[SourceDate "2013.11.20"]
[SourceVersion "1"]
[SourceVersionDate "2013.11.20"]
[SourceQuality "1"]

1. e4 c5 2. Nf3 g6 3. d4 cxd4 4. Nxd4 Nc6 5. Nc3 Bg7 6. Be3 Nf6 7. Bc4 0-0 8. f3 d6 9. Qd2 Bd7 10. h4 Rb8 11. 0-0-0 b5 12. Bb3 Na5 13. Bh6 Nc4 14. Bxc4 bxc4 15. Bxg7 Kxg7 16. Nd5 Nxd5 17. exd5 Qb6 18. Qc3 f6 19. h5 g5 20. Rhe1 Kf7 21. b3 cxb3 22. axb3 Rfe8 23. Qd3 Kg8 24. Nf5 Bxf5 25. Qxf5 Qc5 26. Kb2 a5 27. Qe6+ Kh8 28. Qe3 Qc7 29. h6 a4 30. Ra1 axb3 31. c3 Rb7 32. Qe6 Rc8 33. Re3 Rf8 34. Ra4 Ra7 35. Rb4 Qa5 36. Kc1 Qa2 37. Qe4 Qxg2 38. Rxb3 Ra1+ 39. Rb1 Rxb1+ 40. Kxb1 Qd2 41. Re2 0-1